| Tag |
First Indicator |
Second Indicator |
Subfields |
| LEADER |
00000cam a2200000 a 4500 |
| 001 |
in00004482749 |
| 005 |
20191203081409.0 |
| 008 |
961030s1997 paua b 001 0 eng c |
| 010 |
|
|
|a 96048725
|
| 020 |
|
|
|a 0721637892
|
| 035 |
|
|
|a (OCoLC)35865521
|
| 035 |
|
|
|9 AAH1504MS
|
| 035 |
|
|
|z (UtOrBLW)23730
|
| 035 |
|
|
|a 37132
|
| 040 |
|
|
|a DNLM/DLC
|c DLC
|d NLM
|d C#P
|d UtOrBLW
|
| 049 |
|
|
|a TMVM
|c 1
|
| 050 |
1 |
0 |
|a RD137
|b .W35 1997
|
| 060 |
1 |
0 |
|a WO 925
|b W228p 1997
|
| 069 |
0 |
|
|a 9616678
|
| 082 |
0 |
0 |
|a 617.9/8
|2 21
|
| 096 |
|
|
|a WO 925
|b W228p 1997
|
| 100 |
1 |
|
|a Walsh-Sukys, Michele.
|
| 245 |
1 |
0 |
|a Procedures in infants and children /
|c Michele C. Walsh-Sukys, Steven E. Krug ; Nancy A. Burgard, medical illustrator.
|
| 264 |
|
1 |
|a Philadelphia :
|b W.B. Saunders,
|c [1997]
|
| 264 |
|
4 |
|c ©1997
|
| 300 |
|
|
|a xv, 405 pages :
|b illustrations ;
|c 27 cm.
|
| 336 |
|
|
|a text
|2 rdacontent
|b txt
|
| 337 |
|
|
|a unmediated
|2 rdamedia
|
| 338 |
|
|
|a volume
|2 rdacarrier
|b nc
|
| 504 |
|
|
|a Includes bibliographical references and index.
|
| 650 |
|
2 |
|a Surgery, Operative
|x in infancy & childhood.
|
| 650 |
|
2 |
|a Therapeutics
|x in infancy & childhood.
|
| 700 |
1 |
|
|a Krug, Steven E.
|
| 999 |
|
|
|a MARS
|
| 999 |
f |
f |
|s b03997c3-0003-3a31-8f59-87dcb180a81e
|i 2358986e-ce66-31dc-87b8-3b28c58a263a
|t 0
|
| 952 |
f |
f |
|p ric
|a Texas A&M University
|b Rellis Campus
|c Joint Library Facility
|d Remote Storage
|t 0
|e WO 925 W228p 1997
|h National Library of Medicine classification
|i unmediated -- volume
|m 3238901244755
|
| 998 |
f |
f |
|a WO 925 W228p 1997
|t 0
|l Remote Storage
|